ART PRACTICE AS RESEARCH (Record no. 7881)

MARC details
000 -LEADER
fixed length control field 00305nam a2200133Ia 4500
008 - FIXED-LENGTH DATA ELEMENTS--GENERAL INFORMATION
fixed length control field 260604s9999 xx 000 0 und d
020 ## - INTERNATIONAL STANDARD BOOK NUMBER
International Standard Book Number 9781412974516
082 ## - DEWEY DECIMAL CLASSIFICATION NUMBER
Classification number 001.4 SUL
100 ## - MAIN ENTRY--PERSONAL NAME
Personal name SULLIVAN
9 (RLIN) 35122
245 #0 - TITLE STATEMENT
Title ART PRACTICE AS RESEARCH
260 ## - PUBLICATION, DISTRIBUTION, ETC.
Name of publisher, distributor, etc. SAGE
500 ## - GENERAL NOTE
General note Research, Art
942 ## - ADDED ENTRY ELEMENTS (KOHA)
Koha item type Book
Holdings
Date last seen Total Checkouts Full call number Barcode Cost, replacement price Price effective from Koha item type Lost status Damaged status Not for loan Withdrawn status Home library Current library Shelving location Date acquired Cost, normal purchase price BOOK NO
06/04/2026   001.4 SUL 003499 16378.50 06/04/2026 Book         Indian Institute of Management Visakhapatnam Indian Institute of Management Visakhapatnam   06/04/2026 16378.50 SUL

Copyright © 2024 Indian Institute of Management Visakhapatnam
Koha v23.05